[Event "39th Pan-American U20"]
[Site "Asuncion PAR"]
[Date "2014.06.27"]
[Round "8.6"]
[White "Villalba, Marcelo"]
[Black "Carneiro, Vitor Roberto Castr"]
[Result "0-1"]
[WhiteElo "2195"]
[BlackElo "2245"]
[EventDate "2014.06.21"]
[PlyCount "88"]

1.b3 f5 2.Bb2 Nf6 3.f4 g6 4.Nf3 Bg7 5.e3 d6 6.Be2 O-O 7.O-O e5 8.fxe5 Ng4 
9.h3 Nxe5 10.Nxe5 dxe5 11.e4 Nc6 12.exf5 gxf5 13.Bc4+ Kh8 14.Qh5 b5 15.Bd3
Nd4 16.Nc3 Bb7 17.Bxb5 Bxg2 18.Kxg2 Nxb5 19.Nxb5 Qd5+ 20.Qf3 Qxb5 21.Rae1 
Rad8 22.d3 Rd6 23.Kh1 Rg6 24.Rg1 Qc5 25.Rxg6 hxg6 26.Re2 Kh7 27.a3 e4 28.
dxe4 Bxb2 29.c3 fxe4 30.Qg3 Qxc3 31.Qxc3 Bxc3 32.Rxe4 Rf7 33.Ra4 c5 34.Rc4
Bb2 35.b4 cxb4 36.axb4 Be5 37.b5 Bc7 38.Kg2 Bb6 39.Rc2 Rf5 40.Rb2 Kg7 41.
h4 Kh6 42.Rb4 Rd5 43.Kg3 Kh5 44.Rb3 Rd4 0-1

[Event "39th Pan-American U20"]
[Site "Asuncion PAR"]
[Date "2014.06.27"]
[Round "8.7"]
[White "Crespo Hidalgo, Carlos"]
[Black "Queiroz, Alberto Becker"]
[Result "1-0"]
[WhiteElo "2172"]
[BlackElo "2136"]
[EventDate "2014.06.21"]
[PlyCount "53"]

1.d4 Nf6 2.c4 c5 3.d5 b5 4.cxb5 a6 5.b6 e6 6.Nc3 exd5 7.Nxd5 Nxd5 8.Qxd5 
Nc6 9.Nf3 Rb8 10.Ne5 Qf6 11.Nd3 Be7 12.e4 Nd4 13.Qc4 Qg6 14.Nxc5 Bxc5 15.
Qxc5 Qxe4+ 16.Be3 Nc2+ 17.Kd2 Nxa1 18.Bd3 Qe7 19.Qc7 Qb4+ 20.Kc1 O-O 21.
Qxb8 d5 22.Qf4 d4 23.Qxd4 Qxd4 24.Bxd4 Rd8 25.Re1 Be6 26.Rxe6 fxe6 27.b7 
1-0

[Event "39th Pan-American U20"]
[Site "Asuncion PAR"]
[Date "2014.06.27"]
[Round "8.8"]
[White "Mendoza, Rodrigo"]
[Black "Bueno Gauna, Cristian Alejandr"]
[Result "1/2-1/2"]
[WhiteElo "2155"]
[BlackElo "2052"]
[EventDate "2014.06.21"]
[PlyCount "63"]

1.Nf3 c5 2.c4 Nc6 3.g3 g6 4.Nc3 Bg7 5.Bg2 e6 6.O-O Nge7 7.d3 d6 8.a3 O-O 
9.Bd2 b6 10.Rb1 Bb7 11.b4 Qd7 12.Qc1 Nd4 13.Nxd4 cxd4 14.Na2 Bxg2 15.Kxg2 
d5 16.b5 Rfc8 17.Qc2 dxc4 18.dxc4 Qd5+ 19.Kg1 Rxc4 20.Qd3 e5 21.Nb4 Qe6 
22.Rfc1 Rac8 23.Rxc4 Rxc4 24.Qe4 Qc8 25.Qf3 h6 26.Ra1 f5 27.Nc6 Qd7 28.Qb3
Qe6 29.Nxe7+ Kf7 30.Bb4 Rc1+ 31.Rxc1 Qxb3 32.Rc7 1/2-1/2

[Event "39th Pan-American U20"]
[Site "Asuncion PAR"]
[Date "2014.06.27"]
[Round "8.9"]
[White "Heinechen, Juan"]
[Black "Aizpurua, Patrick"]
[Result "0-1"]
[WhiteElo "1767"]
[BlackElo "2178"]
[EventDate "2014.06.21"]
[PlyCount "78"]

1.e4 e6 2.d4 d5 3.e5 c5 4.c3 Nc6 5.Nf3 Qb6 6.a3 c4 7.Nbd2 Bd7 8.Rb1 Na5 9.
Be2 Ne7 10.O-O h6 11.h3 Nc8 12.Qc2 Qc7 13.b4 cxb3 14.Nxb3 Ba4 15.Nfd2 Nb6 
16.Qb2 Nxb3 17.Nxb3 Be7 18.Be3 O-O 19.Nd2 Rfc8 20.Rfc1 Qd8 21.c4 dxc4 22.
Nxc4 Nd5 23.Bf3 Bc6 24.Nd2 a5 25.Nc4 b5 26.Nd2 Qf8 27.Ra1 a4 28.Bxd5 Bxd5 
29.Rxc8 Qxc8 30.Qxb5 Qc3 31.Rf1 Qxa3 32.Nb1 Qa1 33.Rc1 a3 34.Qd7 a2 35.Nc3
Qxc1+ 36.Bxc1 a1=Q 37.Nxd5 Qxc1+ 38.Kh2 exd5 39.Qxe7 Qf4+ 0-1

[Event "39th Pan-American U20"]
[Site "Asuncion PAR"]
[Date "2014.06.27"]
[Round "8.10"]
[White "Benitez Galeano, Alejandro"]
[Black "Beroiz, Julian"]
[Result "0-1"]
[WhiteElo "1654"]
[BlackElo "1895"]
[EventDate "2014.06.21"]
[PlyCount "88"]

1.e4 d5 2.exd5 Qxd5 3.Nc3 Qa5 4.d4 Nf6 5.Bc4 Bg4 6.Nf3 Nc6 7.Be3 O-O-O 8.
Be2 e5 9.h3 Bxf3 10.Bxf3 exd4 11.Qe2 dxe3 12.fxe3 Bd6 13.O-O Qe5 14.Rfd1 
Bc5 15.Re1 Rhe8 16.Kf2 Nd4 17.Qd1 Nb3 18.Bxb7+ Kb8 19.Qf3 Nxa1 20.Rxa1 
Qxe3+ 21.Qxe3 Bxe3+ 22.Kf3 Kxb7 23.Re1 Bd4 24.Rxe8 Rxe8 25.g4 Bxc3 26.bxc3
Nd5 27.c4 Nb4 28.a4 Nxc2 29.Kf4 f6 30.h4 h6 31.h5 Kc6 32.Kf5 Re5+ 33.Kf4 
Kc5 34.a5 Kxc4 35.a6 Nd4 36.Kg3 Kd3 37.Kf4 c5 38.Kg3 c4 39.Kf4 c3 40.Kg3 
c2 41.Kf4 c1=Q+ 42.Kg3 Re3+ 43.Kf2 Qd2+ 44.Kf1 Re1# 0-1

[Event "39th Pan-American U20"]
[Site "Asuncion PAR"]
[Date "2014.06.27"]
[Round "8.11"]
[White "Avalos, Mathias"]
[Black "Cantero, Rodolfo"]
[Result "0-1"]
[WhiteElo "1637"]
[BlackElo "1722"]
[EventDate "2014.06.21"]
[PlyCount "120"]

1.d4 Nf6 2.c4 e6 3.Nc3 Bb4 4.Qc2 O-O 5.e4 d5 6.e5 Ne4 7.Bd3 c5 8.Nf3 Nc6 
9.O-O Nxd4 10.Nxd4 cxd4 11.Nxe4 dxe4 12.Bxe4 h6 13.Bf4 Qc7 14.Rad1 f5 15.
Bf3 g5 16.Bd2 Be7 17.Rfe1 Bd7 18.Bc1 Bc5 19.a3 a5 20.Bd2 Rad8 21.b4 axb4 
22.axb4 Be7 23.c5 Bb5 24.Qb3 Qd7 25.Be2 Ba4 26.Qa2 Bxd1 27.Rxd1 d3 28.Be1 
Qd5 29.Qb2 Qc4 30.Rc1 Qb5 31.Bf3 g4 32.Bd1 Bg5 33.Bb3 d2 34.Bxe6+ Kh7 35.
Bxd2 Rxd2 36.Qb1 Qd3 37.Qxd3 Rxd3 38.Rb1 Bf4 39.g3 Bxe5 40.Rc1 Kg6 41.b5 
Rc3 42.Rxc3 Bxc3 43.c6 bxc6 44.bxc6 Be5 45.Kg2 Kf6 46.Bd7 h5 47.h3 Ra8 48.
h4 f4 49.gxf4 Bxf4 50.Kg1 Ke7 51.Bf5 Kd6 52.Be4 Kc5 53.Kg2 Ra2 54.Kg1 Kd4 
55.Bg6 Ra5 56.Kg2 Kc3 57.Bf7 Kd2 58.Kf1 Bc7 59.Kg2 Ke1 60.Kg1 Bb6 0-1

[Event "39th Pan-American U20"]
[Site "Asuncion PAR"]
[Date "2014.06.28"]
[Round "9.1"]
[White "Henriquez Villagra, Cristobal"]
[Black "Crespo Hidalgo, Carlos"]
[Result "1-0"]
[WhiteElo "2459"]
[BlackElo "2172"]
[EventDate "2014.06.21"]
[PlyCount "41"]

1.d4 d5 2.c4 dxc4 3.e3 c5 4.Bxc4 cxd4 5.exd4 Qc7 6.Bb3 Bg4 7.f3 Bf5 8.Nc3 
Nf6 9.Nge2 e6 10.Bf4 Qa5 11.O-O Nbd7 12.Ng3 Bb4 13.a3 Bxc3 14.bxc3 O-O 15.
Bd6 Rfc8 16.Bb4 Qb6 17.Nxf5 exf5 18.c4 a5 19.Be1 a4 20.Ba2 Qb2 21.Bb4 1-0

[Event "39th Pan-American U20"]
[Site "Asuncion PAR"]
[Date "2014.06.28"]
[Round "9.2"]
[White "Diaz Rosas, Julio Cesar"]
[Black "Leiva, Giuseppe"]
[Result "0-1"]
[WhiteElo "2290"]
[BlackElo "2405"]
[EventDate "2014.06.21"]
[PlyCount "142"]

1.d4 Nf6 2.c4 e6 3.Nc3 Bb4 4.e3 O-O 5.Ne2 d5 6.a3 Bd6 7.cxd5 exd5 8.Ng3 c5
9.dxc5 Bxc5 10.Be2 a6 11.O-O Nc6 12.Bf3 Be6 13.Nce2 Ne5 14.Nd4 Qb6 15.Be2 
Nc6 16.Nxc6 bxc6 17.b4 Be7 18.Bd2 Rfc8 19.Bd3 a5 20.bxa5 Qa7 21.Qc2 c5 22.
Bb5 Ne8 23.a4 Nd6 24.Bc3 f6 25.Qe2 Bd8 26.a6 Bb6 27.Rfd1 Qf7 28.Kh1 Rab8 
29.Qf3 Ba7 30.Rab1 Nxb5 31.axb5 Qd7 32.Qe2 c4 33.Bd4 Bxd4 34.exd4 Rb6 35.
Qe1 Rcb8 36.Rd2 Bf7 37.Re2 Rxb5 38.Ra1 Qa7 39.Nf5 Qb6 40.a7 Ra8 41.Re7 Bg6
42.Rxg7+ Kh8 43.Re7 c3 44.Nh4 Be4 45.Rc1 c2 46.Rxe4 dxe4 47.Qxe4 Qxa7 48.
Qxc2 Qxd4 49.Nf3 Qd7 50.h3 Re8 51.Qc3 Rd5 52.Qxf6+ Kg8 53.Rc4 h5 54.Qg6+ 
Kh8 55.Rc6 Rg8 56.Qh6+ Qh7 57.Qe3 Rg6 58.Ng5 Rdxg5 59.Qd4+ Qg7 60.Qd8+ Qg8
61.Qd4+ Kh7 62.Rc7+ Rg7 63.Qe4+ Kh8 64.Rc6 Qh7 65.Qe3 Qb1+ 66.Rc1 Qb7 67.
f3 Qd7 68.Ra1 Kh7 69.g4 Qd5 70.Ra6 hxg4 71.hxg4 R5g6 0-1

[Event "39th Pan-American U20"]
[Site "Asuncion PAR"]
[Date "2014.06.28"]
[Round "9.3"]
[White "Carneiro, Vitor Roberto Castr"]
[Black "Principe, Alexander"]
[Result "1/2-1/2"]
[WhiteElo "2245"]
[BlackElo "2250"]
[EventDate "2014.06.21"]
[PlyCount "96"]

1.e4 c5 2.Nf3 d6 3.d4 cxd4 4.Nxd4 Nf6 5.Nc3 a6 6.Be3 e5 7.Nb3 Be6 8.f3 Be7
9.Qd2 O-O 10.O-O-O b5 11.g4 Qc7 12.g5 Nh5 13.Nd5 Bxd5 14.exd5 f5 15.gxf6 
Rxf6 16.Kb1 Nf4 17.Nd4 exd4 18.Bxf4 Nd7 19.Bg5 Rf7 20.Bxe7 Rxe7 21.Qxd4 
Rf8 22.Bd3 Ref7 23.Qh4 g6 24.Be4 Ne5 25.Rhe1 b4 26.Qg5 Rf4 27.Rc1 Qf7 28.
c4 bxc3 29.Rxc3 Nxf3 30.Bxf3 Rxf3 31.Rxf3 Qxf3 32.Qe3 Qf5+ 33.Ka1 Qxd5 34.
a3 Rf5 35.Qa7 Qc6 36.Qe7 Rf7 37.Qe6 Qd7 38.Qd5 Kg7 39.Re6 Rf6 40.Rxf6 Kxf6
41.Qd4+ Kg5 42.Qe3+ Kh5 43.Qe2+ Qg4 44.Qxa6 Qd1+ 45.Ka2 Qd5+ 46.Ka1 Qd1+ 
47.Ka2 Qd5+ 48.Ka1 Qd1+ 1/2-1/2

[Event "39th Pan-American U20"]
[Site "Asuncion PAR"]
[Date "2014.06.28"]
[Round "9.4"]
[White "Barros Rivadeneira, Cristhian"]
[Black "Blandon Villa, Diego F"]
[Result "0-1"]
[WhiteElo "2323"]
[BlackElo "2220"]
[EventDate "2014.06.21"]
[PlyCount "124"]

1.c4 Nf6 2.Nc3 g6 3.g3 d5 4.cxd5 Nxd5 5.Bg2 Nb6 6.Nf3 Bg7 7.O-O O-O 8.d3 
Nc6 9.Be3 e5 10.Rc1 Nd4 11.Qd2 Bg4 12.Bxd4 exd4 13.Ne4 c6 14.Nc5 Rb8 15.
Qf4 Bf5 16.Nb3 Nd5 17.Qd2 Ne7 18.Qf4 Nd5 19.Qh4 Bf6 20.Qh6 Bg7 21.Qd2 Ne7 
22.Rc4 Be6 23.Rb4 Bd5 24.Rc1 b6 25.Ra4 Qd7 26.Ra3 c5 27.Qc2 Rfc8 28.Nbd2 
Nc6 29.Qa4 a5 30.Qb5 Qb7 31.Nc4 Na7 32.Qxb6 Qxb6 33.Nxb6 Rxb6 34.Rxa5 Rc7 
35.Rcxc5 Rxc5 36.Rxc5 Be6 37.Ra5 Nc6 38.Ra8+ Rb8 39.Rxb8+ Nxb8 40.a3 Kf8 
41.Ng5 Ke7 42.Nxe6 Kxe6 43.Kf1 Bh6 44.b4 Bc1 45.a4 Bd2 46.b5 Nd7 47.e3 Nb6
48.Ke2 Ba5 49.exd4 Nxa4 50.h4 Nc3+ 51.Ke3 Nxb5 52.h5 Bb6 53.hxg6 fxg6 54.
f4 Nxd4 55.g4 Kf6 56.g5+ Ke6 57.Bh3+ Kf7 58.Ke4 Ne6 59.d4 Bc7 60.Bxe6+ 
Kxe6 61.d5+ Kd6 62.f5 Ba5 0-1

[Event "39th Pan-American U20"]
[Site "Asuncion PAR"]
[Date "2014.06.28"]
[Round "9.5"]
[White "Squella Lavin, Carlos Felipe"]
[Black "Vazquez, Guillermo"]
[Result "0-1"]
[WhiteElo "2136"]
[BlackElo "2330"]
[EventDate "2014.06.21"]
[PlyCount "68"]

1.d4 Nf6 2.c4 e6 3.Nc3 Bb4 4.Bd2 O-O 5.g3 d5 6.Bg2 Re8 7.Nf3 c6 8.cxd5 
exd5 9.O-O Nbd7 10.a3 Bf8 11.Ne1 Nb6 12.b3 Bf5 13.Bg5 h6 14.Bxf6 Qxf6 15.
e3 Qg6 16.Qd2 Nd7 17.Nf3 Qf6 18.Rfc1 Bd6 19.Ne1 Qe7 20.Qb2 h5 21.Bf3 Nf6 
22.Ng2 Bg4 23.Bd1 Nh7 24.f3 Bh3 25.e4 dxe4 26.fxe4 Ng5 27.e5 Bc7 28.Nf4 
Rad8 29.Nxh3 Nxh3+ 30.Kg2 Ng5 31.Qf2 Bb6 32.Ne2 Qd7 33.Ra2 Rxe5 34.dxe5 
Qh3+ 0-1

[Event "39th Pan-American U20"]
[Site "Asuncion PAR"]
[Date "2014.06.28"]
[Round "9.6"]
[White "Cori Quispe, Kevin"]
[Black "Bueno Gauna, Cristian Alejandr"]
[Result "1-0"]
[WhiteElo "2211"]
[BlackElo "2052"]
[EventDate "2014.06.21"]
[PlyCount "99"]

1.e4 c5 2.Nf3 d6 3.d4 cxd4 4.Nxd4 Nf6 5.Nc3 a6 6.Bg5 e6 7.f4 h6 8.Bh4 Nbd7
9.Qe2 Be7 10.O-O-O Qc7 11.g3 Rb8 12.Bg2 Rg8 13.Nf3 b5 14.a3 Qc4 15.Qxc4 
bxc4 16.Rhe1 Bb7 17.h3 Nc5 18.Rd4 Ncxe4 19.Nxe4 Nxe4 20.Bxe7 Kxe7 21.Rdxe4
Bxe4 22.Rxe4 d5 23.Re2 Kd6 24.g4 Rge8 25.h4 Rb6 26.h5 a5 27.c3 Rbb8 28.Nd4
Rg8 29.a4 Rbe8 30.Bf3 Kc5 31.Re5 Rd8 32.Kc2 Rde8 33.b3 cxb3+ 34.Nxb3+ Kd6 
35.c4 f6 36.Re1 dxc4 37.Nxa5 Rc8 38.Nb7+ Kd7 39.a5 Ra8 40.Nc5+ Kd6 41.Bxa8
Rxa8 42.Nxe6 Rxa5 43.Nxg7 Kd5 44.Nf5 Ra2+ 45.Kb1 Rf2 46.Nxh6 c3 47.Ng8 Kc4
48.Nxf6 Kb3 49.Ne4 Rxf4 50.g5 1-0

[Event "39th Pan-American U20"]
[Site "Asuncion PAR"]
[Date "2014.06.28"]
[Round "9.8"]
[White "Queiroz, Alberto Becker"]
[Black "Cantero, Rodolfo"]
[Result "1-0"]
[WhiteElo "2136"]
[BlackElo "1722"]
[EventDate "2014.06.21"]
[PlyCount "79"]

1.e4 c5 2.Nf3 d6 3.c3 Nf6 4.h3 Nc6 5.Bd3 Bd7 6.Bc2 Rc8 7.O-O g6 8.Qe2 Bg7 
9.d4 cxd4 10.cxd4 O-O 11.Nc3 a6 12.Bg5 h6 13.Be3 b5 14.a4 b4 15.Nd5 a5 16.
Nxf6+ exf6 17.d5 Ne7 18.Nd4 f5 19.exf5 Bxd4 20.Bxd4 Nxf5 21.Bxf5 Bxf5 22.
g4 Bd7 23.Qe3 Qh4 24.Qg3 Qxg3+ 25.fxg3 Rc2 26.Rf2 b3 27.Ra3 Rb8 28.Be3 Kg7
29.Bf4 Rb6 30.Bd2 g5 31.Bxa5 Ra6 32.Bc3+ Kf8 33.Rxb3 Rxf2 34.Kxf2 Bxa4 35.
Rb7 Bc2 36.Bf6 Kg8 37.h4 gxh4 38.gxh4 Be4 39.Rb8+ Kh7 40.Rh8+ 1-0

[Event "39th Pan-American U20"]
[Site "Asuncion PAR"]
[Date "2014.06.28"]
[Round "9.9"]
[White "Arias, Daniel"]
[Black "Heinechen, Juan"]
[Result "0-1"]
[WhiteElo "2196"]
[BlackElo "1767"]
[EventDate "2014.06.21"]
[PlyCount "64"]

1.e4 c5 2.Nf3 g6 3.d4 cxd4 4.Nxd4 Bg7 5.Nc3 Nc6 6.Be3 Nf6 7.f3 d6 8.Qd2 
Bd7 9.g4 h5 10.gxh5 Nxh5 11.Rg1 Nxd4 12.Bxd4 Bxd4 13.Qxd4 Nf6 14.Nd5 e5 
15.Nxf6+ Qxf6 16.Qf2 Qf4 17.Rg3 Bc6 18.Rd1 O-O-O 19.Bc4 f5 20.exf5 gxf5 
21.Be2 Kb8 22.Kf1 Rh6 23.Kg1 Rdh8 24.Rg2 e4 25.Rd4 Qc1+ 26.Rd1 Qxc2 27.Qg3
Qc5+ 28.Kf1 exf3 29.Bxf3 Bxf3 30.Qxf3 Rxh2 31.Qf4 Rh1+ 32.Ke2 Re8+ 0-1